Happier Than Ever - Guess The Song - Statistics

General Stats
  • This quiz has been taken 15 times
  • The average score is 14 of 16
Answer Stats
Hint Answer % Correct
I'm sittding in my brother's room Halley's Comet
100%
Some information's not for sharing Billie Bossa Nova
93%
You are not unknown Everybody Dies
93%
With yearning heart GOLDWING
93%
Laura said I should be nicer I Didn't Change My Number
93%
Distract myself with pornography Male Fantasy
93%
You check your complexion my future
93%
The body I was born with Not My Responsibility
93%
She couldn't look away Oxytocin
93%
Articles, articles, articles Therefore I Am
93%
Stop bein' flirty / It's kinda workin' OverHeated
86%
Too bad they're usually deranged Getting Older
79%
I wish it wasn't true Happier Than Ever
79%
(Don't get too complacent) Lost Cause
79%
I've been having fun getting older now NDA
79%
Don't act like it was hard Your Power
79%
No matching quizzes found
Score Distribution
Percent of People with Each Score
Percentile by Number Answered
Your Score History
You have not taken this quiz